Test culture générale- 13 - Statistiques

Statistiques générales
  • Ce quiz a été pris 3 710 fois
  • Le résultat moyen est 5 sur 10
Statistiques - réponses
Questions Réponses % Correct
Quel pays surnomme-t-on « Le pays du Soleil Levant »? Le Japon
94%
Dans quelle région le mont Saint-Michel se situe-t-il? En Normandie
88%
De quelle époque provient « Yvain et le chevalier au lion »? Du Moyen-Âge
65%
Quel homme d’État surnommé « Madiba » a été emprisonné 27 ans sur Robben Island? Nelson Mandela
61%
Quel est le nom du mâle né d’un croisement entre un âne et une jument? Un mulet
42%
De quel groupe Jim Morrison était-il le chanteur ? The Doors
39%
Dans quel film Yves Montand réveille-t-il Louis de Funès par : « Il est l’or, l’or de se réveiller … »? La Folie des grandeurs
38%
Quel pape surprend en 2013 en annonçant sa démission ce qui n’est pas usuel? Benoît XVI
35%
« Je décide, et il exécute ». De qui parle Jacques Chirac en 2004 ? Nicolas Sarkozy
34%
Quel est le mot savant pour désigner une personne qui est hostile aux traditions? Iconoclaste
4%
Aucun quiz correspondant
Distribution des résultats
% des personnes avec chaque résultat
Percentile par nombre de réponses
Votre historique - résultats
Vous n’avez pas pris ce quiz